01878nkc a2200277za 450000100060000000300040000600500170001000700070002700800410003404000240007524501050009924600570020426000350026130000970029650003940039350003170078750000900110454400760119460000360127061000510130665100180135765500350137571000280141085200120143885601500145084584OSt20260423160606.0kh boc250410s1909 sp ||||| ||||||0| i|spa d cM-RABAaM-RABAbspa00aAlegoría del nacimiento del infante heredero del Tronoh[Material gráfico]c/ Cosme Velázquez  aAlegoría del nacimiento del infante Carlos Eusebio b[Hauser y Menet]c, [ca. 1909] a1 fotografíab: gelatina de plata c; imagen 19,5 x 11 cmc; soporte secundario 30 x 24 cm aFotografía del relieve "Alegoría del nacimiento del infante Carlos Eusebio", presentada al concurso trienal de premios de 1781. Se sabe que Velázquez obtuvo el primer premio y que se presentaron también Martín Gutiérrez y José Rodríguez Díaz. La Academia solo conserva este relieve con nº de inventario E-1781 y no se ha podido averiguar a cuál de los tres pertenece.  aMontada sobre un soporte secundario de cartón, con texto manuscrito a lápiz en la parte inferior al recto: "Alegoría del nacimiento del infante heredero del Trono. 1781-1ª clase. 1º premio D. Cosme Velázquez. 2º id. Martín Gutiérrez José Rodríguez". Nota manuscrita al verso a lápiz: "1781". aFecha probable de la realización de la fotografía realizada por Hauser y Menet.  aArchivo de la Real Academia de Bellas Artes de San Fernando (Le-4-29-1)10aVelázquez, Cosmed(1755-1837)24aReal Academia de Bellas Artes de San Fernando. 7aMadrid2embne 7aFotografías de obras de arte2 aHauser y Menet (Madrid) jFot-610 3Fot-610uhttps://archivoybiblioteca.realacademiabellasartessanfernando.com/cgi-bin/koha/opac-retrieve-file.pl?id=8a527c7911b6f2c7e49705c890779074